Headway : intermediate (B1+) student's book: part A units 1-6

Updated with new texts, topics and themes, Headway 5th edition provides fresh and relevant English instruction that is tailored to your students' needs. Headway 5th edition provides fresh, relevant English instruction needed for success today. Headway and its award-winning authors, Liz and John Soar...

Full description

Bibliographic Details
Main Author: Soars, Liz, 1945-
Other Authors: Soars, John, 1951- (autor), Hancock, Paul (autor)
Format: Libro
Language:English
Published: Oxford : Oxford University Press, 2024.
Edition:Quinta edición.
Subjects:
Online Access:

MARC

LEADER 00000nam a22000007a 4500
001 017394
003 UAHC_CL
005 20250710123935.0
008 250710s2024 -uk 000 0 eng d
020 |a 9780194529181 
040 |a UAHC_CL  |c UAHC_CL  |d UAHC_CL 
082 |a 428  |b SO676 
100 |a Soars, Liz,  |d 1945-  |9 21827 
245 1 0 |a Headway :  |b intermediate (B1+) student's book: part A units 1-6  |c Liz & John Soars, Paul Hancock. 
250 |a Quinta edición. 
260 |a Oxford :  |b Oxford University Press,  |c 2024. 
300 |a 86 páginas. 
520 |a Updated with new texts, topics and themes, Headway 5th edition provides fresh and relevant English instruction that is tailored to your students' needs. Headway 5th edition provides fresh, relevant English instruction needed for success today. Headway and its award-winning authors, Liz and John Soars, are names that have become synonymous with English Language Teaching and learning. Teach with Headway's perfectly-balanced grammar and skills syllabus, based on the course's world-renowned methodology. Headway 5th edition retains the course's trusted methodology and has been updated with new texts, topics and digital resources. 
650 0 |a  Inglés  |v Libros de texto  |9 5774 
650 0 |a Inglés técnico  |x Enseñanza  |9 21420 
700 |a Soars, John,  |d 1951-  |9 21828  |e autor 
700 |a Hancock, Paul  |9 21829  |e autor 
900 |a 428 SOAI 
942 |c BK  |2 ddc 
952 |0 0  |1 0  |2 ddc  |4 0  |6 428_000000000000000_SOAI  |7 0  |8 BAS  |9 101057  |a BC  |b BC  |c General  |d 2025-07-23  |e Compra  |g 38261.00  |l 0  |o 428 SOAI  |p 1472443  |r 2025-11-25 00:00:00  |t 1  |w 2025-07-23  |x OC: 2322 / Factura Buscalibre Nº235568  |y BK  |A IA3 
952 |0 0  |1 0  |2 ddc  |4 0  |6 428_000000000000000_SOAI  |7 0  |8 BAS  |9 101058  |a BR  |b BR  |c General  |d 2025-07-23  |e Compra  |g 38261.00  |l 0  |o 428 SOAI  |p 1472444  |r 2026-01-14 00:00:00  |t 1  |w 2025-07-23  |x OC: 2322 / Factura Buscalibre Nº235568  |y BK  |A IA3 
952 |0 0  |1 0  |2 ddc  |4 0  |6 428_000000000000000_SOAI  |7 0  |8 BAS  |9 101059  |a BS  |b BS  |c General  |d 2025-07-23  |e Compra  |g 38261.00  |l 0  |o 428 SOAI  |p 1472445  |r 2025-11-26 00:00:00  |t 1  |w 2025-07-23  |x OC: 2322 / Factura Buscalibre Nº235568  |y BK  |A IA3 
999 |c 62762  |d 62762